[Event "Mittelrhein Verbandsliga-W 18/19"]
[Site "Nordrheinwestfalen"]
[Date "2018.12.16"]
[Round "5.7"]
[White "Schauff, Lutz"]
[Black "Pschera, Alexander"]
[Result "1-0"]
[WhiteElo "1965"]
[BlackElo "1493"]
[PlyCount "37"]
[EventDate "2018.09.02"]
[EventType "team-tourn"]
[EventRounds "11"]
[EventCountry "GER"]
[SourceTitle "EXT 2022"]
[Source "ChessBase"]
[SourceDate "2021.10.06"]
[SourceVersion "1"]
[SourceVersionDate "2021.10.06"]
[SourceQuality "1"]
[WhiteTeam "Kerpen SK"]
[BlackTeam "Koeln Lasker II"]
[WhiteTeamCountry "GER"]
[BlackTeamCountry "GER"]

1. d4 Nf6 2. Nf3 e6 3. Bf4 b6 4. e3 Bb7 5. Bd3 Be7 6. Nbd2 d5 7. Qe2 0-0 8. 0-0 Nbd7 9. Ne5 Rc8 10. Ba6 Rb8 11. Bxb7 Rxb7 12. Nc6 Qe8 13. Qa6 Rb8 14. Nxb8 Qxb8 15. h3 Rc8 16. Rfe1 Qa8 17. a4 c5 18. c3 Nb8 19. Qxc8+ 1-0